Conducción escolar y transformación educativa /
Guardado en:
| Autor Principal: | |
|---|---|
| Otros Autores: | , |
| Formato: | Libro |
| Publicado: |
Buenos Aires :
Aique
|
| Edición: | 3a. ed. |
| Series: | Gestión
|
| Materias: | |
| Etiquetas: |
Agregar Etiqueta
Sin Etiquetas, Sea el primero en etiquetar este registro!
|
| LEADER | 01544nam a22002655a 4500 | ||
|---|---|---|---|
| 001 | CEM.cems011370 | ||
| 005 | 20071016175409.0 | ||
| 008 | 130507b######################000#0#####d | ||
| 003 | CEMS | ||
| 020 | |a 9507012915 | ||
| 082 | 0 | 4 | |a 371.2 |
| 100 | 1 | |a Lentijo, Perpetuo | |
| 245 | 1 | 0 | |a Conducción escolar y transformación educativa / |c Perpetuo Lentijo, Cristina Cancela, Eduardo H. Martiné |
| 250 | |a 3a. ed. | ||
| 260 | |a Buenos Aires : |b Aique | ||
| 300 | |a 222 p. | ||
| 490 | 0 | |a Gestión | |
| 505 | 0 | |a La transformación -- El protagonismo del Consejo Federal -- Bases y contenidos de los Acuerdos Federales -- La nueva estructura del Sistema Educativo Nacional -- El problema de los contenidos -- Diseños curriculares: convergencias necesarias -- El reaseguro del cambio. Transformaciones del Régimen de Formación Docente -- El seguimiento de las variables de transformación -- El Sistema Nacional de evaluación de la Calidad Educativa -- La transición institucional -- El rol directivo y las constantes de desempeño -- El directivo escolar: ¿docente o empresario? -- Misiones y funciones. Responsabilidades y áreas de trabajo -- La organización institucional -- Una clave: las reglas de juego en la convivencia -- Seguimiento y cualificación de la tarea docente | |
| 653 | |a Educación | ||
| 653 | |a Gestión educativa | ||
| 653 | |a Administración escolar | ||
| 653 | |a Dirección escolar | ||
| 700 | 1 | |a Cancela, Cristina | |
| 700 | 1 | |a Martiné, Eduardo H . | |
| 859 | |a CEMS |b BIB. CEMS - 11 de abril |h 371.2 |i L549a3 |p 22270.03 |t Ej.1 | ||
